Statystyki dla Flagi wszystkich państw (248)

Kliknij tutaj aby rozwiązać quiz!

Ogólne statystyki

  • Ten quiz został rozwiązany 35 razy
  • Średni wynik to 151 z 248

Statystyki odpowiedzi

Odpowiedź% Poprawnych
Chiny
96%
Andora
92%
Republika Południowej Afryki
92%
Holandia
88%
Stany Zjednoczone
88%
Albania
84%
Dominika
84%
Irlandia
84%
Kosowo
84%
Łotwa
84%
Mauretania
84%
Syria
84%
Armenia
80%
Australia
80%
Grecja
80%
Indie
80%
Izrael
80%
Kanada
80%
Mołdawia
80%
Monako
80%
Monako
80%
Niemcy
80%
Szwajcaria
80%
Szwecja
80%
Algieria
76%
Anglia
76%
Argentyna
76%
Białoruś
76%
Brazylia
76%
Chorwacja
76%
Cypr
76%
Czechy
76%
Finlandia
76%
Francja
76%
Indonezja
76%
Islandia
76%
Korea południowa
76%
Litwa
76%
Luksemburg
76%
Macedonia północna
76%
Meksyk
76%
Palau
76%
Polska
76%
Portugalia
76%
Rosja
76%
Słowacja
76%
Watykan
76%
Austria
72%
Belgia
72%
Bułgaria
72%
Czad
72%
Gruzja
72%
Hiszpania
72%
Irak
72%
Iran
72%
Katar
72%
Kazachstan
72%
Korea północna
72%
Liban
72%
Maroko
72%
Norwegia
72%
Nowa zelandia
72%
Papua nowa gwinea
72%
Samoa
72%
Senegal
72%
Serbia
72%
Słowenia
72%
Somalia
72%
Szkocja
72%
Uzbekistan
72%
Wietnam
72%
Afganistan
68%
Angola
68%
Arabia saudyjska
68%
Azerbejdżan
68%
Bahrajn
68%
Bangladesz
68%
Barbados
68%
Belize
68%
Boliwia
68%
Bośnia i Hercegowina
68%
Dania
68%
Demokratyczna republika konga
68%
Dominikana
68%
Egipt
68%
Fidżi
68%
Filipiny
68%
Honduras
68%
Japonia
68%
Kambodża
68%
Kenia
68%
Kostaryka
68%
Kuba
68%
Libia
68%
Madagaskar
68%
Malta
68%
Nepal
68%
Oman
68%
Panama
68%
Peru
68%
Rumunia
68%
San Marino
68%
Seszele
68%
Sri lanka
68%
Sudan
68%
Tadżykistan
68%
Tajlandia
68%
Tajwan
68%
Tunezja
68%
Turcja
68%
Urugwaj
68%
Walia
68%
Wielka Brytania
68%
Zjednoczone Emiraty Arabskie
68%
Bhutan
64%
Botswana
64%
Burkina faso
64%
Burundi
64%
Chile
64%
Eswatini
64%
Gwatemala
64%
Gwinea
64%
Irlandia północna
64%
Jamajka
64%
Jemen
64%
Jordania
64%
Kirgistan
64%
Kiribati
64%
Kolumbia
64%
Kuwejt
64%
Laos
64%
Lesotho
64%
Malediwy
64%
Malezja
64%
Mikronezja
64%
Namibia
64%
Niger
64%
Nigeria
64%
Nikaragua
64%
Pakistan
64%
Palestyna
64%
Singapur
64%
Tanzania
64%
Turkmenistan
64%
Ukraina
64%
Włochy
64%
Wyspy Marshalla
64%
Zambia
64%
Zimbabwe
64%
Antigua i barbuda
60%
Benin
60%
Czarnogóra
60%
Ekwador
60%
Erytrea
60%
Ghana
60%
Grenada
60%
Gujana
60%
Gwinea równikowa
60%
Kamerun
60%
Kongo
60%
Liberia
60%
Malawi
60%
Mali
60%
Mauritius
60%
Mongolia
60%
Mozambik
60%
Nauru
60%
Paragwaj
60%
Republika Środkowoafrykańska
60%
Republika zielonego przylądka
60%
Saint Kitts i Nevis
60%
Salwador
60%
Sierra Leone
60%
Sudan południowy
60%
Surinam
60%
Togo
60%
Trynidad i Tobago
60%
Tuvalu
60%
Uganda
60%
Wenezuela
60%
Wyspy Owcze
60%
Wyspy salomona
60%
Bahamy
56%
Brunei
56%
Dżibuti
56%
Gabon
56%
Gambia
56%
Gwinea bissau
56%
Haiti
56%
Komory
56%
Mjanma
56%
Rwanda
56%
Saint Lucia
56%
Saint Vincent i Grenadyny
56%
Vanuatu
56%
Węgry
56%
Wybrzeże Kości Słoniowej
56%
Wyspy Świętego Tomasza i Książęca
56%
Grenlandia
52%
Guam
52%
Lichtenstein
52%
Timor wschodni
52%
Tonga
52%
Gibraltar
48%
Hongkong
48%
Portoryko
48%
Aruba
44%
Makau
44%
Nowa kaledonia
44%
Sahara zachodnia
44%
Wyspy dziewicze
44%
Curacao
40%
Guernsey
40%
Wyspy cooka
40%
Anguilla
36%
Antarktyka
32%
Bermudy
32%
Falklandy
32%
Gujana Francuska
32%
Jersey
32%
Mariany północne
32%
Niue
32%
Norfolk
32%
Sint Maarten
32%
Wyspy Alandzkie
32%
Wyspy kokosowe
32%
Brytyjskie terytorium oceanu indyjskiego
28%
Montserrat
28%
Polinezja francuska
28%
Tokelau
28%
Wyspy dziewicze stanów zjednoczonych
28%
Kajmany
24%
Reunion
24%
Turks i Caicos
24%
Majotta
20%
Martynika
20%
Saint Pierre
20%
Wyspy bożego narodzenia
20%
Wyspy Man
20%
Gwadelupa
16%
Wyspy Pitcairn
16%
Francuskie Terytoria Południowe i Antarktyczne
12%
Georgia Południowa i Sandwich Południowy
12%
Holandia karaibska
12%
Wyspa Wniebowstąpienia
12%
Wyspy Wallis i Futuna
12%
Saint Barthelemy
8%
Samoa afrykańskie
4%

Rozkład punktacji

Percentyl według liczby udzielonych odpowiedzi

Procent ludzi z każdym wynikiem

Twoja historia wyników

Nie rozwiązałeś tego quizu